000
00298nam a2200121Ia 4500
008
241015s9999 xx 000 0 und d
041
_a
eng
082
_a
658.403 JON
100
_a
Jones
245
_a
Decision Making For Dummies
260
_b
Wiley India
_a
New Delhi
_c
2014
300
_a
370;. P. 23 cm
999
_c
41901
_d
41901